Loading...
| History - World | 1 | 5 | 0 | 0 | 65 | 72 | 96.33 | 2 | 6 | 0.00 | 0.00 |
| Fine Arts - Painting and Sculpture | 1 | 4 | 0 | 0 | 55 | 61 | 83.60 | 4 | 5 | 0.00 | 0.00 |
| Science - Physics | 0 | 5 | 1 | 0 | 45 | 64 | 107.00 | 0 | 5 | 0.00 | 0.00 |
| Fine Arts - Other | 2 | 2 | 1 | 1 | 45 | 58 | 96.25 | 1 | 3 | 0.00 | 0.00 |
| Science - Chemistry | 1 | 3 | 0 | 0 | 45 | 57 | 70.75 | 1 | 4 | 0.00 | 0.00 |
| Mythology | 3 | 0 | 1 | 0 | 40 | 62 | 67.33 | 2 | 3 | 0.00 | 0.00 |
| Fine Arts - Classical Music | 0 | 3 | 1 | 0 | 25 | 115 | 130.67 | 3 | 3 | 0.00 | 0.00 |
| Other Academic | 0 | 3 | 1 | 1 | 25 | 103 | 117.00 | 0 | 3 | 0.00 | 0.00 |
| Short Fiction and Other | 0 | 2 | 0 | 0 | 20 | 92 | 94.50 | 0 | 2 | 0.00 | 0.00 |
| Science - Biology | 0 | 2 | 0 | 1 | 20 | 93 | 109.00 | 0 | 2 | 0.00 | 0.00 |
| Current Events | 1 | 0 | 0 | 0 | 15 | 47 | 47.00 | 0 | 1 | 0.00 | 0.00 |
| Religion | 1 | 0 | 0 | 0 | 15 | 92 | 92.00 | 1 | 1 | 0.00 | 0.00 |
| Social Science | 0 | 3 | 3 | 1 | 15 | 102 | 128.33 | 0 | 3 | 0.00 | 0.00 |
| History - American | 0 | 1 | 0 | 0 | 10 | 96 | 96.00 | 0 | 1 | 0.00 | 0.00 |
| Literature - Drama | 0 | 1 | 0 | 1 | 10 | 142 | 142.00 | 0 | 1 | 0.00 | 0.00 |
| Literature - Poetry | 1 | 0 | 1 | 0 | 10 | 53 | 53.00 | 1 | 1 | 0.00 | 0.00 |
| Geography | 0 | 1 | 0 | 0 | 10 | 130 | 130.00 | 0 | 1 | 0.00 | 0.00 |
| Literature - Misc | 0 | 1 | 0 | 0 | 10 | 110 | 110.00 | 0 | 1 | 0.00 | 0.00 |
| Literature - Long Fiction | 0 | 1 | 1 | 0 | 5 | 93 | 93.00 | 1 | 1 | 0.00 | 0.00 |
| Science - Other | 0 | 0 | 0 | 0 | 0 | 0.00 | 0 | 0 | 0.00 | 0.00 | |
| History - Other | 0 | 1 | 2 | 0 | 0 | 95 | 95.00 | 0 | 1 | 0.00 | 0.00 |
| Philosophy | 0 | 1 | 2 | 0 | 0 | 92 | 92.00 | 0 | 1 | 0.00 | 0.00 |
| Science - Math | 0 | 0 | 1 | 0 | -5 | 0.00 | 0 | 0 | 0.00 | 0.00 | |
| History - European | 0 | 0 | 3 | 0 | -15 | 0.00 | 0 | 0 | 0.00 | 0.00 |